<?xml version="1.0" encoding="UTF-8"?>
<record
    xmlns:xsi="http://www.w3.org/2001/XMLSchema-instance"
    xsi:schemaLocation="http://www.loc.gov/MARC21/slim http://www.loc.gov/standards/marcxml/schema/MARC21slim.xsd"
    xmlns="http://www.loc.gov/MARC21/slim">

  <leader>01024cam a22002051  4500</leader>
  <controlfield tag="001">rc 01001707 </controlfield>
  <controlfield tag="003">DLC</controlfield>
  <controlfield tag="005">20260227111904.0</controlfield>
  <controlfield tag="008">790402s1871    xx            000 0 eng  </controlfield>
  <datafield tag="010" ind1=" " ind2=" ">
    <subfield code="a">rc 01001707 </subfield>
  </datafield>
  <datafield tag="035" ind1=" " ind2=" ">
    <subfield code="a">(OCoLC)4813812</subfield>
  </datafield>
  <datafield tag="040" ind1=" " ind2=" ">
    <subfield code="a">DLC</subfield>
    <subfield code="c">OCl</subfield>
    <subfield code="d">DLC</subfield>
  </datafield>
  <datafield tag="050" ind1="0" ind2="0">
    <subfield code="a">F551</subfield>
    <subfield code="b">.D64</subfield>
  </datafield>
  <datafield tag="100" ind1="1" ind2=" ">
    <subfield code="a">Disturnell, John,</subfield>
    <subfield code="d">1801-1877,</subfield>
    <subfield code="e">comp.</subfield>
  </datafield>
  <datafield tag="245" ind1="0" ind2="4">
    <subfield code="a">The Great Lakes, or Inland seas of America;</subfield>
    <subfield code="b">embracing a full description of Lakes Superior, Huron, Michigan, Erie, and Ontario; rivers St. Mary, St. Clair, Detroit, Niagara, and St. Lawrence; commerce of the lakes, etc., etc. together with a guide to the upper Mississippi River, giving a description of cities, towns, etc. Forming altogether a complete guide for the pleasure traveler &amp; emigrant.</subfield>
    <subfield code="c">Compiled by J. Disturnell.</subfield>
  </datafield>
  <datafield tag="260" ind1=" " ind2=" ">
    <subfield code="a">Philadelphia,</subfield>
    <subfield code="b">W.B. Zieber,</subfield>
    <subfield code="c">1871.</subfield>
  </datafield>
  <datafield tag="300" ind1=" " ind2=" ">
    <subfield code="a">256, [4] p.</subfield>
    <subfield code="b">front., illus., plates, fold. maps.</subfield>
    <subfield code="c">16 cm.</subfield>
  </datafield>
  <datafield tag="500" ind1=" " ind2=" ">
    <subfield code="a">Includes advertising matter.</subfield>
  </datafield>
  <datafield tag="651" ind1=" " ind2="0">
    <subfield code="a">Great Lakes Region (North America)</subfield>
    <subfield code="v">Guidebooks.</subfield>
  </datafield>
  <datafield tag="999" ind1=" " ind2=" ">
    <subfield code="c">52162</subfield>
    <subfield code="d">52162</subfield>
  </datafield>
</record>
